• 首页
  • 本馆介绍
  • 公告通知
  • 最新文献
  • 馆藏检索
  • 电子资源
  • 读者导购
  • 参考咨询
  • 我的图书馆
  • 登录
  • 详细信息显示
  • 放入我的书架
  • 预约/预借图书
  • 作者相关作品
  • 分类相关作品
  • 丛书相关作品
  • 出版社相关作品

书目信息

  • 表格格式
  • 工作单格式
  • 卡片格式
题名:
金属电子论和游移电子磁性理论译文集
    
 
作者: 李伯臧 著
分册:  
出版信息: 北京   科学出版社  1985.1
页数: 398页
开本: 20cm
丛书名:
单 册:
中图分类: TG111.1
科图分类:
主题词: 金属学 , 物理冶金学
电子资源:
ISBN:
000 00605nam0 2200205 45
001 0312221749
005 20031222170910.9
010    @dCNY3.00
100    @a20031222d1985 km y0chiy0120 ea
101    @achi
105    @a z 000yy
200 1  @a金属电子论和游移电子磁性理论译文集@AJin Shu Dian Zi Lun He You Yi Dian Zi Ci Xing Li Lun Yi Wen Ji@f李伯臧著@FLi Bo Zang Zhu
210    @a北京@c科学出版社@d1985.1
215    @a398页@d20cm
606 0  @a金属学
606 0  @a物理冶金学
690    @aTG111.1@v3
701 0  @a李伯臧@4著
801    @aCN@bTSTCL@c20031222
905    @a213230@dTG111.1@e5@b126800-801@f2
    
    金属电子论和游移电子磁性理论译文集/李伯臧著.-北京:科学出版社,1985.1
    398页;20cm
    
    
    ISBN :CNY3.00
    
●
相关链接 在E读中查询图书 在五车中查询图书 在当当中查询图书 在豆瓣中查询图书


正题名:金属电子论和游移电子磁性理论译文集     索取号:TG111.1/5         预约/预借

序号 登录号 条形码 馆藏地/架位号 状态 备注
1 0126800   001362484   第三借阅区/ [索取号:TG111.1/5] 在馆    
2 0126801   001362518   第二样本阅览室/ [索取号:TG111.1/5] 在馆    
唐山师范学院图书馆 欢迎您!
大连网信软件有限公司© 版权所有